| 000 | 00967nam a22002537a 4500 | ||
|---|---|---|---|
| 005 | 20170124103024.0 | ||
| 010 | _aA-812645 | ||
| 020 | _c70.00 | ||
| 035 | _aA-812645 | ||
| 037 | _bCen Lib/Ret | ||
| 040 |
_aDPL _bHN |
||
| 082 |
_aक _bचतुर्वे |
||
| 100 |
_aचतुर्वेदी, क्षमा _942803 |
||
| 245 |
_aचुनौती / _cक्षमा चतुर्वेदी |
||
| 246 |
_aChunootee / _bby Shama Chaturvedi |
||
| 260 |
_aदिल्ली _bजनवाणी प्रकाशन _c1996 |
||
| 270 |
_bदिल्ली _a30/22 ए, गली-९, विश्वास नगर, शाहदरा _e110032 |
||
| 300 |
_a80पृ. _c21सेमी(सजिल्द) |
||
| 650 |
_aहिन्दी साहित्य _961518 |
||
| 650 |
_aकहानियां _961519 |
||
| 650 |
_aHindi literature _961520 |
||
| 650 |
_aStories _97500 |
||
| 942 |
_2ddc _cHN _hक _mचतुर्वे |
||
| 999 |
_c115457 _d115457 |
||